[Event "12sen.WM-H Naumburg"]
[Site "Naumburg/Saale(20.10.-03.11.)"]
[Date "2002.10.28"]
[Round "6"]
[White "Kaiser, Hans[35BGladb]"]
[Black "Achenbach, Manfred"]
[Result "0-1"]
[WhiteElo "1639"]
[BlackElo "2040"]
[PlyCount "70"]
[EventDate "2002.11.??"]

1. e4 c5 2. Nf3 d6 3. d4 cxd4 4. Nxd4 a6 5. Nc3 e5 6. Nf3 Nf6 7. Be2 Be7 8. O-O
O-O 9. a4 h6 10. b3 Be6 11. Be3 Nbd7 12. h3 Rc8 13. Qd3 Qc7 14. Bd2 Qc6 15. b4
Qc7 16. Rfb1 Nh5 17. g4 Nf4 18. Bxf4 exf4 19. Nd5 Bxd5 20. exd5 Qxc2 21. Qxc2
Rxc2 22. Nd4 Rd2 23. Rd1 Rxd1+ 24. Rxd1 Bf6 25. b5 Nc5 26. bxa6 bxa6 27. Nc6
Re8 28. Bf1 Nxa4 29. Bxa6 Nc3 30. Rd3 Re1+ 31. Kg2 Rc1 32. Bb7 Rc2 33. Nd4 Rb2
34. Bc6 Ne4 35. Kf3 Nxf2 0-1

[Event "12sen.WM-H Naumburg"]
[Site "Naumburg/Saale(20.10.-03.11.)"]
[Date "2002.10.28"]
[Round "6"]
[White "Karol, Wolfgang"]
[Black "Mueller, Hartmut_Dieter"]
[Result "1-0"]
[WhiteElo "1630"]
[BlackElo "1505"]
[PlyCount "77"]
[EventDate "2002.11.??"]

1. d4 Nf6 2. Nc3 e6 3. e4 Bb4 4. Bd3 d5 5. e5 Ne4 6. Nge2 O-O 7. O-O f5 8. f4
c5 9. a3 Ba5 10. dxc5 Nxc5 11. b4 Nxd3 12. cxd3 Bb6+ 13. d4 Bd7 14. Na4 Bc7 15.
Nc5 Bc8 16. Be3 b6 17. Na4 Ba6 18. Nb2 Qe8 19. Rf3 Qh5 20. Rc1 Bd8 21. Bf2 Qg6
22. Nc3 Nd7 23. Qb3 Rc8 24. b5 Bb7 25. Ne2 Ra8 26. Rfc3 Qh5 27. Qd1 Kh8 28. Nd3
Rg8 29. Nb4 Qf7 30. Nc6 g5 31. Nxd8 Raxd8 32. Rc7 Rb8 33. Qa4 Rgc8 34. Qxa7
Rxc7 35. Rxc7 Rd8 36. Qxb7 gxf4 37. Bh4 Rg8 38. Bf6+ Rg7 39. Rxd7 1-0

[Event "12sen.WM-H Naumburg"]
[Site "Naumburg/Saale(20.10.-03.11.)"]
[Date "2002.10.28"]
[Round "6"]
[White "Katalymov, Boris"]
[Black "Bogorad, Michail"]
[Result "1-0"]
[WhiteElo "2378"]
[BlackElo "2197"]
[PlyCount "49"]
[EventDate "2002.11.??"]

1. e4 c5 2. Nf3 g6 3. d4 cxd4 4. Nxd4 Bg7 5. c4 Nc6 6. Be3 Nh6 7. Nc3 O-O 8.
Be2 d6 9. Qd2 Ng4 10. Bxg4 Bxg4 11. O-O Qa5 12. f3 Bd7 13. Rf2 Rfc8 14. b3 Nxd4
15. Bxd4 Bxd4 16. Qxd4 Qc5 17. Qd2 Bc6 18. f4 a6 19. f5 Qe5 20. Raf1 Rf8 21.
Nd5 Bxd5 22. exd5 Rae8 23. Re2 Qh8 24. Qe3 Qg7 25. f6 1-0

[Event "12sen.WM-H Naumburg"]
[Site "Naumburg/Saale(20.10.-03.11.)"]
[Date "2002.10.28"]
[Round "6"]
[White "Klebaner, Yakov"]
[Black "Neese, Hans_Joachim"]
[Result "0-1"]
[WhiteElo "2041"]
[BlackElo "2247"]
[PlyCount "160"]
[EventDate "2002.11.??"]

1. e4 c5 2. Nc3 d6 3. g3 Nc6 4. Bg2 Nf6 5. d3 e6 6. h3 a6 7. Nge2 Be7 8. O-O
Qc7 9. a4 Rb8 10. Be3 b5 11. axb5 axb5 12. Qd2 b4 13. Nd1 O-O 14. f4 Rd8 15. g4
Ne8 16. g5 d5 17. e5 Bf8 18. Ng3 Ne7 19. Qe2 Nf5 20. Bf2 Bb7 21. b3 Ra8 22.
Rxa8 Rxa8 23. Nxf5 exf5 24. Ne3 Qd7 25. Rc1 Ra2 26. Qd1 g6 27. Ra1 Ra8 28. Rxa8
Bxa8 29. d4 Nc7 30. dxc5 Bxc5 31. Nc4 Qc6 32. Qd2 Ne6 33. Nb2 Qb6 34. Nd3 Bd4
35. Bxd4 Qxd4+ 36. Qf2 Qc3 37. Qa7 Bc6 38. Qb8+ Kg7 39. Qxb4 Qxc2 40. Bf1 d4
41. Qc4 Qxc4 42. bxc4 Be4 43. h4 Bxd3 44. Bxd3 Nxf4 45. Bc2 Ne6 46. Kf2 Kf8 47.
Ba4 Nc5 48. Bc6 Nd3+ 49. Ke2 Nxe5 50. Bd5 Ke7 51. c5 Nd7 52. Kd3 Nxc5+ 53. Kxd4
Nd7 54. Ke3 f6 55. gxf6+ Kxf6 56. Kf4 h6 57. Ba8 Nf8 58. Bc6 Ne6+ 59. Kg3 Ng7
60. Kf4 Nh5+ 61. Kf3 Ke7 62. Ba4 Nf6 63. Bb3 Ne4 64. Bd5 Nc5 65. Bc4 Kf6 66.
Bb5 Ne6 67. Bc4 Ke5 68. Bf1 Nd4+ 69. Kg3 Ke4 70. Bc4 f4+ 71. Kh3 Nf3 72. Bb3
Ke3 73. Ba4 Ne5 74. Bb5 Kf2 75. Kh2 g5 76. hxg5 hxg5 77. Ba6 g4 78. Bb7 f3 79.
Kh1 Nd3 80. Bc8 g3 0-1

[Event "12sen.WM-H Naumburg"]
[Site "Naumburg/Saale(20.10.-03.11.)"]
[Date "2002.10.28"]
[Round "6"]
[White "Kloos, Gerhard"]
[Black "Pastowski, Werner"]
[Result "1/2-1/2"]
[WhiteElo "1672"]
[BlackElo "1550"]
[PlyCount "56"]
[EventDate "2002.11.??"]

1. d4 d5 2. c4 c6 3. e3 Nf6 4. Nc3 Bf5 5. a4 e6 6. f3 Bb4 7. Bd2 O-O 8. cxd5
exd5 9. Nce2 Bd6 10. Qb3 Qe7 11. g3 Re8 12. Rc1 Nbd7 13. Bh3 Bg6 14. Bxd7 Qxd7
15. h4 h5 16. Nh3 Re7 17. Nhf4 Bh7 18. Kf2 Rae8 19. Rhe1 Qc7 20. Nc3 Qb8 21.
Nce2 Bf5 22. Rg1 Kh7 23. Rh1 g6 24. Ng1 Bxf4 25. gxf4 Qc8 26. Ne2 Qd7 27. Ng3
Qc8 28. Nxf5 Qxf5 1/2-1/2

[Event "12sen.WM-H Naumburg"]
[Site "Naumburg/Saale(20.10.-03.11.)"]
[Date "2002.10.28"]
[Round "6"]
[White "Klose, Hans_Peter"]
[Black "Schneiderheinze, Roland"]
[Result "0-1"]
[WhiteElo "1547"]
[BlackElo "1754"]
[PlyCount "94"]
[EventDate "2002.11.??"]

1. d4 Nf6 2. c4 e6 3. Nf3 d5 4. Nc3 c6 5. Qc2 Nbd7 6. e4 dxe4 7. Nxe4 Be7 8.
Bd3 O-O 9. O-O Re8 10. Nfg5 g6 11. b3 Nxe4 12. Nxe4 Nf6 13. Bb2 Nxe4 14. Bxe4
Bf6 15. Rad1 Bg7 16. Rfe1 Qf6 17. Ba1 Qg5 18. Qd2 Qxd2 19. Rxd2 Bf8 20. Rdd1
Bd7 21. d5 Bb4 22. Rf1 exd5 23. Bf3 Rac8 24. cxd5 cxd5 25. Bxd5 Bb5 26. Bc4
Bxc4 27. bxc4 Rxc4 28. Rd4 Rxd4 29. Bxd4 b6 30. Be3 Rc8 31. Rc1 Rxc1+ 32. Bxc1
b5 33. Kf1 Kg7 34. Ke2 Kf6 35. Kd3 Ke5 36. f3 h5 37. a3 Ba5 38. Be3 a6 39. Bc5
Kd5 40. Be7 Bc7 41. h3 Bd6 42. Bxd6 Kxd6 43. Kd4 h4 44. f4 a5 45. Kd3 Kd5 46.
Ke3 b4 47. axb4 axb4 0-1

[Event "12sen.WM-H Naumburg"]
[Site "Naumburg/Saale(20.10.-03.11.)"]
[Date "2002.10.28"]
[Round "6"]
[White "Klovans, Janis"]
[Black "Semasev, Kim"]
[Result "1-0"]
[WhiteElo "2417"]
[BlackElo "2274"]
[PlyCount "115"]
[EventDate "2002.11.??"]

1. e4 c5 2. Nf3 Nc6 3. d4 cxd4 4. Nxd4 Nf6 5. Nc3 e5 6. Ndb5 d6 7. Bg5 a6 8.
Na3 b5 9. Bxf6 gxf6 10. Nd5 Bg7 11. Bd3 Ne7 12. Nxe7 Qxe7 13. c3 f5 14. exf5 e4
15. Be2 Qe5 16. Bg4 d5 17. Nc2 h5 18. Bh3 Bxf5 19. Bxf5 Qxf5 20. Ne3 Qg6 21.
Qxd5 O-O 22. Rd1 Rae8 23. O-O Re5 24. Qd6 Re6 25. Qg3 Qh7 26. Rd5 f5 27. Qh3
Ref6 28. Rfd1 Qg6 29. Rd7 R6f7 30. R1d6 Qh7 31. Rxf7 Rxf7 32. Rd8+ Bf8 33. Qg3+
Qg7 34. Qf4 Qg6 35. Rd5 Bh6 36. Rd6 Qg5 37. Qxg5+ Bxg5 38. Rg6+ Rg7 39. Rxg7+
Kxg7 40. Nxf5+ Kf6 41. Ng3 Ke5 42. Nxh5 Bc1 43. b3 Bd2 44. c4 bxc4 45. bxc4 e3
46. fxe3 Bxe3+ 47. Kf1 Kd4 48. Ke2 Bg5 49. Ng3 Kxc4 50. Ne4 Bf4 51. h4 Kb4 52.
g4 Ka3 53. Nc3 Be5 54. Kd3 Kb2 55. Nd5 a5 56. a4 Kb3 57. Nb6 Bc7 58. g5 1-0

[Event "12sen.WM-H Naumburg"]
[Site "Naumburg/Saale(20.10.-03.11.)"]
[Date "2002.10.28"]
[Round "6"]
[White "Klundt, Klaus"]
[Black "Jaeger, Erich[30Neust]"]
[Result "1-0"]
[WhiteElo "2385"]
[BlackElo "1837"]
[PlyCount "63"]
[EventDate "2002.11.??"]

1. e4 c5 2. Nf3 e6 3. d4 cxd4 4. Nxd4 Nf6 5. Nc3 d6 6. f4 a6 7. Qf3 Qc7 8. Be3
Nbd7 9. Bd3 b5 10. a3 Bb7 11. O-O Nb6 12. Rad1 Nc4 13. Bxc4 Qxc4 14. Kh1 Be7
15. Qg3 Nxe4 16. Nxe4 Bxe4 17. Qxg7 Kd7 18. b3 Qxf1+ 19. Rxf1 Rhg8 20. Qxf7
Bxg2+ 21. Kg1 Bh3+ 22. Kf2 Raf8 23. Qxh7 Rh8 24. Qe4 d5 25. Qd3 Bxf1 26. Kxf1
Rxh2 27. Nf3 Rh1+ 28. Kg2 Rh5 29. Qg6 Rhh8 30. Ne5+ Kc7 31. Qxe6 Rfg8+ 32. Kf3
1-0

[Event "12sen.WM-H Naumburg"]
[Site "Naumburg/Saale(20.10.-03.11.)"]
[Date "2002.10.28"]
[Round "6"]
[White "Knobling, Rolf"]
[Black "Roth, Karl_Heinz"]
[Result "0-1"]
[WhiteElo "1474"]
[BlackElo "1632"]
[PlyCount "82"]
[EventDate "2002.11.??"]

1. e4 c5 2. Nf3 d6 3. d4 cxd4 4. Nxd4 Nf6 5. Nc3 a6 6. f3 e6 7. Be3 Be7 8. Qd2
O-O 9. O-O-O Nc6 10. Nb3 Qc7 11. Na4 b5 12. Nc3 Ne5 13. h4 Nc4 14. Bxc4 bxc4
15. Nd4 Rb8 16. Kb1 Bd7 17. Qf2 Qb7 18. Bc1 d5 19. e5 Ne8 20. g4 Nc7 21. h5 Bc5
22. Qg3 Ba3 23. b3 Bxc1 24. Kxc1 cxb3 25. cxb3 Qb4 26. Kb2 a5 27. Nc2 Qc5 28.
Qg1 Qc6 29. Qd4 Rfc8 30. Rd2 Na8 31. h6 g6 32. Qf4 Qxc3+ 33. Kb1 Nc7 34. Qf6
Ne8 35. Qg5 a4 36. b4 a3 37. Na1 Rxb4+ 38. Nb3 Bb5 39. Rc1 Rxb3+ 40. axb3 Qxc1+
41. Ka2 Rc2+ 0-1

[Event "12sen.WM-H Naumburg"]
[Site "Naumburg/Saale(20.10.-03.11.)"]
[Date "2002.10.28"]
[Round "6"]
[White "Koerver, Erich"]
[Black "Beckel, Friedrich"]
[Result "0-1"]
[WhiteElo "1723"]
[BlackElo "2039"]
[PlyCount "80"]
[EventDate "2002.11.??"]

1. e4 c5 2. Nf3 d6 3. d4 cxd4 4. Nxd4 Nf6 5. Nc3 g6 6. Bc4 Bg7 7. O-O O-O 8.
Nf3 Nc6 9. a3 Bg4 10. Be2 Rc8 11. Be3 a6 12. Qc1 Bxf3 13. Bxf3 Ne5 14. Be2 Nc4
15. Bxc4 Rxc4 16. f3 Qc7 17. Rf2 Rc8 18. Qd1 b5 19. Rc1 Qb7 20. Na2 Nd7 21. c3
a5 22. Rd2 b4 23. axb4 axb4 24. cxb4 Rxc1 25. Nxc1 Qxb4 26. Nd3 Qc4 27. b3 Qc3
28. Bf2 h5 29. Ne1 Nc5 30. Bxc5 Rxc5 31. Rd3 Qb2 32. Rd2 Qa3 33. Nd3 Rc3 34. b4
Bh6 35. f4 Bxf4 36. Nb2 Bxd2 37. Qxd2 Qb3 38. Nd1 Rd3 39. Qe2 Qxd1+ 40. Qxd1
Rxd1+ 0-1

[Event "12sen.WM-H Naumburg"]
[Site "Naumburg/Saale(20.10.-03.11.)"]
[Date "2002.10.28"]
[Round "6"]
[White "Kovacs, Les"]
[Black "Eidam, Horst"]
[Result "0-1"]
[WhiteElo "1600"]
[BlackElo "1862"]
[PlyCount "100"]
[EventDate "2002.11.??"]

1. Nf3 g6 2. g3 Bg7 3. d4 Nf6 4. Bg2 d5 5. O-O O-O 6. Bf4 Nbd7 7. Nc3 e6 8. Nb5
Ne8 9. Qc1 a6 10. Nc3 c5 11. dxc5 Nxc5 12. Be5 f6 13. Bd4 Nd7 14. Be3 Nb6 15.
Rd1 Nc4 16. Bc5 Rf7 17. b3 Qc7 18. Bd4 Ncd6 19. Be3 Qxc3 20. Bd4 Qc7 21. Rd3
Nf5 22. Bb2 Bd7 23. g4 Nfd6 24. h3 Ne4 25. Ne1 N8d6 26. f3 Nc5 27. Rd1 Rc8 28.
Qd2 Bc6 29. Ba3 Nd7 30. Rac1 b5 31. Nd3 a5 32. c3 e5 33. Nf2 Bf8 34. e4 Nxe4
35. fxe4 Bxa3 36. Rc2 dxe4 37. b4 Qb6 38. Re1 e3 39. Rxe3 Bxg2 40. Kxg2 Qc6+
41. Kg1 axb4 42. Ne4 Nb6 43. Nd6 Nc4 44. Nxc4 Qxc4 45. Rd3 Rfc7 46. Rd8+ Rxd8
47. Qxd8+ Kg7 48. Rf2 Qf7 49. g5 f5 50. Qd6 Qe7 0-1

[Event "12sen.WM-H Naumburg"]
[Site "Naumburg/Saale(20.10.-03.11.)"]
[Date "2002.10.28"]
[Round "6"]
[White "Kraemer, Marianne"]
[Black "Polk, Maria"]
[Result "1-0"]
[WhiteElo "1480"]
[BlackElo "1233"]
[PlyCount "116"]
[EventDate "2002.11.??"]

1. e4 c5 2. Nf3 e6 3. b3 Nf6 4. d3 d5 5. exd5 exd5 6. Be2 Be7 7. O-O O-O 8. Bb2
d4 9. Re1 Re8 10. Nbd2 Nc6 11. Bf1 Bf8 12. g3 Bg4 13. h3 Bf5 14. Bg2 Qd7 15.
Kh2 Rxe1 16. Qxe1 Re8 17. Qd1 Nh5 18. g4 Bd6+ 19. Kg1 Bxg4 20. hxg4 Qxg4 21.
Ne4 Bb8 22. Qf1 Re6 23. Re1 Ne5 24. Neg5 Nxf3+ 25. Nxf3 Nf4 26. Bc1 Nh3+ 27.
Kh1 Nf4 28. Bxf4 Qxf4 29. Kg1 g6 30. Rxe6 fxe6 31. Qe1 e5 32. Qd2 Kg7 33. Qxf4
exf4 34. Nd2 Kf6 35. Bxb7 g5 36. f3 Kg6 37. Ne4 h5 38. Nxc5 Bd6 39. Be4+ Kh6
40. Ne6 h4 41. Kg2 Kh5 42. Kh3 Be5 43. Nf8 Bf6 44. Nd7 Bh8 45. Nb8 Bg7 46. Nc6
a6 47. a4 Bf6 48. Nb8 Kh6 49. Nxa6 Kg7 50. b4 Be7 51. b5 Bd8 52. Nc5 Bb6 53.
Nb3 Kf6 54. a5 Bc7 55. b6 Bb8 56. Nxd4 Be5 57. c3 Bd6 58. a6 Bc5 1-0

[Event "12sen.WM-H Naumburg"]
[Site "Naumburg/Saale(20.10.-03.11.)"]
[Date "2002.10.28"]
[Round "6"]
[White "Kraft, Gerhard"]
[Black "Robitsch, Hermann"]
[Result "1/2-1/2"]
[WhiteElo "1819"]
[BlackElo "2077"]
[PlyCount "106"]
[EventDate "2002.11.??"]

1. e4 c5 2. Nf3 Nc6 3. c3 d5 4. exd5 Qxd5 5. d4 e5 6. dxe5 Qxd1+ 7. Kxd1 Bg4 8.
Bf4 Nge7 9. Bb5 O-O-O+ 10. Nbd2 Ng6 11. Bg5 Be7 12. Bxe7 Ncxe7 13. Kc2 Bf5+ 14.
Kb3 Nxe5 15. Rhe1 Nxf3 16. Nxf3 Be6+ 17. Bc4 Nd5 18. Ng5 Rhf8 19. Rxe6 fxe6 20.
Nxe6 Nb6 21. Nxf8 Nxc4 22. Kxc4 Rxf8 23. Rf1 b6 24. f4 Kd7 25. Kd5 Re8 26. Rf2
Re1 27. f5 Rd1+ 28. Ke5 Ke7 29. g4 Rg1 30. Kf4 Kf6 31. Re2 Rf1+ 32. Kg3 h5 33.
Re6+ Kf7 34. h3 hxg4 35. hxg4 Ra1 36. a3 Rb1 37. Rc6 Rxb2 38. g5 Rc2 39. Rc7+
Kf8 40. Rxa7 Rc1 41. g6 Rxc3+ 42. Kf4 Rc1 43. Rf7+ Kg8 44. Rb7 Kf8 45. Rxb6 c4
46. Rb8+ Ke7 47. Rb7+ Kd6 48. Ke4 c3 49. Kd3 Ke5 50. Rxg7 Kxf5 51. Rc7 Kxg6 52.
Rxc3 Rxc3+ 53. Kxc3 Kf6 1/2-1/2

[Event "12sen.WM-H Naumburg"]
[Site "Naumburg/Saale(20.10.-03.11.)"]
[Date "2002.10.28"]
[Round "6"]
[White "Krueger, Sigurd"]
[Black "Maugg, Ludwig"]
[Result "1/2-1/2"]
[WhiteElo "1872"]
[BlackElo "2142"]
[PlyCount "26"]
[EventDate "2002.11.??"]

1. c4 c5 2. Nc3 Nc6 3. g3 g6 4. Bg2 Bg7 5. e3 Nh6 6. d4 cxd4 7. exd4 O-O 8.
Nge2 d6 9. O-O Nf5 10. d5 Ne5 11. b3 a6 12. a4 Rb8 13. Rb1 Bd7 1/2-1/2

[Event "12sen.WM-H Naumburg"]
[Site "Naumburg/Saale(20.10.-03.11.)"]
[Date "2002.10.28"]
[Round "6"]
[White "Kudoke, Willy"]
[Black "Zunker, Reinhard_Dr"]
[Result "0-1"]
[WhiteElo "2024"]
[BlackElo "2203"]
[PlyCount "150"]
[EventDate "2002.11.??"]

1. c4 Nf6 2. Nc3 g6 3. e4 d6 4. d4 Bg7 5. Be2 O-O 6. Be3 c6 7. h3 Nbd7 8. Nf3
b5 9. cxb5 cxb5 10. Bxb5 Rb8 11. Bxd7 Bxd7 12. Rb1 Qa5 13. O-O Bb5 14. Re1 Bc4
15. b3 Be6 16. Qd2 Nd7 17. Bh6 Bf6 18. e5 dxe5 19. dxe5 Nxe5 20. Nxe5 Bxe5 21.
Rxe5 Qxe5 22. Bf4 Qf5 23. Bxb8 Rxb8 24. Re1 Bd7 25. b4 Rc8 26. Ne4 Bc6 27. Qe3
Qe5 28. a3 Bd5 29. Nc5 Qxe3 30. Rxe3 e6 31. Rd3 Kf8 32. f3 Ke7 33. Kf2 a5 34.
Rd2 f5 35. f4 h6 36. Ke3 axb4 37. axb4 Ra8 38. Rb2 Ra3+ 39. Kd4 Kd6 40. Nd3 g5
41. g3 Be4 42. Rd2 Rb3 43. Kc4 Bd5+ 44. Kd4 Rb1 45. h4 gxh4 46. gxh4 Rh1 47. b5
Rxh4 48. Rb2 e5+ 49. Kc3 e4 50. Nb4 Rh3+ 51. Kd4 Rb3 52. Rxb3 Bxb3 53. Nc6 h5
54. Na5 Bd5 55. b6 Bg8 56. b7 Kc7 57. Ke5 e3 58. Nc6 Kxb7 59. Nd4 Bc4 60. Kxf5
e2 61. Nf3 Kc6 62. Kg5 Bf7 63. f5 Kd5 64. Kf4 Kd6 65. Ke3 Bc4 66. Kf2 Ke7 67.
Ng1 h4 68. Nf3 h3 69. Ne1 Bd5 70. Kg3 Bg2 71. Kf2 Kf6 72. Kxe2 h2 73. Nxg2 h1=Q
74. Ne3 Ke5 75. Kd3 Qe4+ 0-1

[Event "12sen.WM-H Naumburg"]
[Site "Naumburg/Saale(20.10.-03.11.)"]
[Date "2002.10.28"]
[Round "6"]
[White "Kuehn, Peter"]
[Black "Winiwarter, Felix_Dr"]
[Result "0-1"]
[WhiteElo "2008"]
[BlackElo "2191"]
[PlyCount "68"]
[EventDate "2002.11.??"]

1. e4 e5 2. Nf3 Nc6 3. d4 exd4 4. Nxd4 Nf6 5. Nxc6 bxc6 6. e5 Qe7 7. Qe2 Nd5 8.
c4 Ba6 9. b3 g5 10. Bb2 Bg7 11. g3 O-O-O 12. Bg2 Rde8 13. O-O h5 14. Re1 h4 15.
Qd2 Nb6 16. Qa5 Bb7 17. Qxa7 hxg3 18. hxg3 Qc5 19. Qa3 Qxa3 20. Nxa3 d6 21. Nc2
c5 22. Bxb7+ Kxb7 23. a4 Nd7 24. e6 Bxb2 25. exd7 Rd8 26. Ra2 Be5 27. a5 Rxd7
28. a6+ Ka8 29. Rb1 f5 30. Kg2 Rdh7 31. Kf3 Re8 32. Ne3 f4 33. Nd5 c6 34. Rh1
Rf7 0-1

[Event "12sen.WM-H Naumburg"]
[Site "Naumburg/Saale(20.10.-03.11.)"]
[Date "2002.10.28"]
[Round "6"]
[White "Kuhnert, Werner"]
[Black "Simon, Eberhard"]
[Result "1/2-1/2"]
[WhiteElo "1217"]
[BlackElo "1819"]
[PlyCount "67"]
[EventDate "2002.11.??"]

1. d4 Nf6 2. c4 e5 3. dxe5 Ng4 4. Nf3 Nc6 5. e3 Bb4+ 6. Bd2 Bxd2+ 7. Nbxd2 O-O
8. Be2 Ngxe5 9. Nxe5 Nxe5 10. O-O d6 11. b3 b6 12. Nf3 Qe7 13. Nxe5 dxe5 14. e4
Bb7 15. f3 Rad8 16. Qc1 c5 17. Rd1 Rxd1+ 18. Qxd1 Rd8 19. Qe1 Rd4 20. Rd1 Qg5
21. Rxd4 exd4 22. Qf2 Qd2 23. Bf1 Qxf2+ 24. Kxf2 f6 25. Bd3 Kf7 26. Kg3 Ke6 27.
h4 h6 28. Kf4 g5+ 29. hxg5 hxg5+ 30. Kg4 Ke5 31. Kg3 Bc8 32. Kf2 g4 33. Kg3
gxf3 34. gxf3 1/2-1/2

[Event "12sen.WM-H Naumburg"]
[Site "Naumburg/Saale(20.10.-03.11.)"]
[Date "2002.10.28"]
[Round "6"]
[White "Kummer, Heinz"]
[Black "Haupt, Joachim"]
[Result "1-0"]
[WhiteElo "2051"]
[BlackElo "1745"]
[PlyCount "58"]
[EventDate "2002.11.??"]

1. e4 c5 2. d4 cxd4 3. c3 d6 4. Nf3 Nf6 5. Bd3 g6 6. O-O dxc3 7. Nxc3 Bg7 8.
Bc4 Nc6 9. Qe2 Bg4 10. Rd1 Ne5 11. Bb3 O-O 12. Be3 Qd7 13. Nxe5 Bxe2 14. Nxd7
Bxd1 15. Nxf6+ Bxf6 16. Rxd1 Rac8 17. Nd5 Kg7 18. Nxf6 Kxf6 19. Bxa7 Rc6 20.
Bd4+ e5 21. Bc3 Rd8 22. g3 Ke7 23. h4 h5 24. Kg2 Rh8 25. f4 f6 26. Rd5 Ra8 27.
Rb5 Ra7 28. Bd5 Rc7 29. Rb6 Kd8 1-0

[Event "12sen.WM-H Naumburg"]
[Site "Naumburg/Saale(20.10.-03.11.)"]
[Date "2002.10.28"]
[Round "6"]
[White "Kunath, Werner"]
[Black "Suchsland, Helmut_Dr"]
[Result "1-0"]
[WhiteElo "2122"]
[BlackElo "1786"]
[PlyCount "111"]
[EventDate "2002.11.??"]

1. d4 d5 2. c4 e6 3. Nc3 Nf6 4. Nf3 c5 5. cxd5 exd5 6. Bg5 Nc6 7. e3 Be7 8. Bb5
O-O 9. Bxf6 Bxf6 10. dxc5 Qa5 11. Qb3 a6 12. Be2 Qxc5 13. O-O Rd8 14. Rac1 Na5
15. Qc2 Qe7 16. Rfd1 Be6 17. Nd4 Rac8 18. Bf3 Nc4 19. Qe2 Rc7 20. Nxe6 fxe6 21.
b3 Nd6 22. Qd3 Nf7 23. Nb1 Ne5 24. Qe2 Re8 25. Rxc7 Qxc7 26. Bg4 Nxg4 27. Qxg4
Kf7 28. Nd2 e5 29. Ne4 Qc6 30. Ng5+ Bxg5 31. Qxg5 g6 32. Qxe5 Rd8 33. h3 Qe6
34. Qf4+ Kg8 35. e4 d4 36. Qc7 Rd7 37. Qc8+ Kf7 38. f4 Qd6 39. e5 Qd5 40. Qh8
d3 41. Qxh7+ Kf8 42. Qh8+ Kf7 43. Qf6+ Kg8 44. Qxg6+ Rg7 45. Qe8+ Kh7 46. Rd2
Qd4+ 47. Kh1 Qxf4 48. Qh5+ Kg8 49. Qd1 Qe4 50. e6 Rg3 51. Kg1 Qxe6 52. Rxd3
Qxh3 53. Rd8+ Kh7 54. Rd7+ Kh6 55. Qd6+ Rg6 56. Qxg6+ 1-0

[Event "12sen.WM-H Naumburg"]
[Site "Naumburg/Saale(20.10.-03.11.)"]
[Date "2002.10.28"]
[Round "6"]
[White "Lainburg, Victor"]
[Black "Werchan, Hans_Dr"]
[Result "1-0"]
[WhiteElo "2235"]
[BlackElo "2121"]
[PlyCount "91"]
[EventDate "2002.11.??"]

1. Nf3 Nf6 2. b3 g6 3. Bb2 Bg7 4. g3 d6 5. d4 c5 6. Bg2 O-O 7. O-O Na6 8. c4
Rb8 9. Nc3 cxd4 10. Nxd4 Nc5 11. Qd2 a6 12. e4 Ne6 13. Nd5 Nxd5 14. Nxe6 fxe6
15. Bxg7 Kxg7 16. exd5 e5 17. f4 Qb6+ 18. Kh1 exf4 19. Rae1 Rf7 20. Rxf4 h5 21.
Rxf7+ Kxf7 22. Qh6 e5 23. Qh7+ Kf6 24. Qh8+ Kg5 25. Re4 Bh3 26. Qxb8 Qf2 27.
Rxe5+ dxe5 28. Qxe5+ Bf5 29. Qf4+ Qxf4 30. gxf4+ Kxf4 31. c5 Ke5 32. b4 g5 33.
Kg1 h4 34. d6 b6 35. Bc6 bxc5 36. bxc5 Ke6 37. Bb7 Kd7 38. Kf2 g4 39. Ke3 Be6
40. a3 g3 41. hxg3 hxg3 42. Kf3 g2 43. Kxg2 a5 44. Kf3 Bh3 45. Kf4 Bf1 46. Ke5
1-0

[Event "12sen.WM-H Naumburg"]
[Site "Naumburg/Saale(20.10.-03.11.)"]
[Date "2002.10.28"]
[Round "6"]
[White "Lardot, Derik"]
[Black "Krieger, Hermann"]
[Result "0-1"]
[WhiteElo "1916"]
[BlackElo "2237"]
[PlyCount "58"]
[EventDate "2002.11.??"]

1. e4 c5 2. c3 Nf6 3. e5 Nd5 4. d4 cxd4 5. cxd4 e6 6. Nc3 Nxc3 7. bxc3 Qc7 8.
Bd2 b6 9. f4 Bb7 10. Nf3 Be7 11. Bd3 d6 12. O-O Nd7 13. Qe2 O-O 14. Rad1 Rfe8
15. f5 dxe5 16. fxe6 fxe6 17. Bxh7+ Kxh7 18. Ng5+ Bxg5 19. Qh5+ Bh6 20. Rf7 Kg8
21. Bxh6 Nf6 22. Rxf6 Re7 23. Rg6 Rf8 24. Rg3 exd4 25. cxd4 Rf5 26. Qe2 Qd6 27.
Qg4 Qb4 28. Rc1 Qb2 29. Re1 Qf2+ 0-1

[Event "12sen.WM-H Naumburg"]
[Site "Naumburg/Saale(20.10.-03.11.)"]
[Date "2002.10.28"]
[Round "6"]
[White "Limberg, Siegfried"]
[Black "Fassmann, Ewald"]
[Result "1-0"]
[WhiteElo "2128"]
[BlackElo "1771"]
[PlyCount "109"]
[EventDate "2002.11.??"]

1. d4 d5 2. Nf3 Nf6 3. Bg5 g6 4. Nbd2 Bg7 5. e3 O-O 6. h3 b6 7. Bd3 Bb7 8. Ne5
Nbd7 9. f4 Nxe5 10. fxe5 Ne4 11. Bf4 Nxd2 12. Qxd2 e6 13. h4 Qc8 14. h5 Ba6 15.
O-O-O Bxd3 16. Qxd3 c5 17. Rdf1 cxd4 18. exd4 Qc4 19. Qxc4 dxc4 20. h6 Bh8 21.
Bg5 Rac8 22. Rh3 Rc7 23. Rhf3 Rd7 24. c3 a5 25. a4 Rb8 26. Kc2 Rc8 27. g4 Rb8
28. Bh4 Rc8 29. g5 Rcc7 30. Rb1 Rc6 31. Rff1 Kf8 32. Rfd1 Ke7 33. Be1 Kd8 34.
b4 cxb3+ 35. Kxb3 Re7 36. Rd3 Rd7 37. Rf3 Ke8 38. Re3 Rdc7 39. Bd2 Rd7 40. Bc1
Ra7 41. c4 Rd7 42. Bb2 Rdc7 43. Rc1 Kd7 44. Ba3 Ke8 45. Rf3 Rd7 46. Rf4 Rcc7
47. c5 bxc5 48. Rxc5 Rxc5 49. Bxc5 Rb7+ 50. Kc2 Rc7 51. Re4 Kd7 52. Re3 Rc6 53.
Kd3 Rc7 54. Kc4 Rb7 55. Rb3 1-0

[Event "12sen.WM-H Naumburg"]
[Site "Naumburg/Saale(20.10.-03.11.)"]
[Date "2002.10.28"]
[Round "6"]
[White "Littlewood, John_E"]
[Black "Meszaros, Ignac"]
[Result "1-0"]
[WhiteElo "2292"]
[BlackElo "2144"]
[PlyCount "63"]
[EventDate "2002.11.??"]

1. e4 g6 2. d4 d6 3. Nc3 Bg7 4. Be3 Nf6 5. f3 c6 6. Qd2 Qa5 7. Nge2 Nbd7 8. g4
Nf8 9. Ng3 Bd7 10. g5 Ng8 11. f4 h6 12. h4 hxg5 13. hxg5 Rxh1 14. Nxh1 Ne6 15.
Ng3 c5 16. Nge2 cxd4 17. Bxd4 Bxd4 18. Nxd4 Nxd4 19. Qxd4 O-O-O 20. O-O-O Qc5
21. Bc4 Qxd4 22. Rxd4 Be8 23. f5 gxf5 24. exf5 Bd7 25. Bxf7 Bxf5 26. Nd5 Kd7
27. Rc4 Rf8 28. g6 e6 29. Rc7+ Kd8 30. g7 Rxf7 31. Rxf7 Nh6 32. Ne3 1-0

[Event "12sen.WM-H Naumburg"]
[Site "Naumburg/Saale(20.10.-03.11.)"]
[Date "2002.10.28"]
[Round "6"]
[White "Luecke, Volkmar"]
[Black "Schwichtenberg, Juergen"]
[Result "1/2-1/2"]
[WhiteElo "1890"]
[BlackElo "1633"]
[PlyCount "87"]
[EventDate "2002.11.??"]

1. Nf3 d5 2. c4 c6 3. g3 Bg4 4. Bg2 e6 5. cxd5 exd5 6. O-O Nf6 7. d4 Be7 8. Ne5
Bf5 9. Nc3 O-O 10. Re1 Nbd7 11. Qb3 Qb6 12. Qxb6 Nxb6 13. h3 h6 14. g4 Bh7 15.
Bf4 Rfe8 16. Bg3 Bb4 17. f3 Nbd7 18. Nxd7 Nxd7 19. a3 Bxc3 20. bxc3 f5 21. gxf5
Bxf5 22. e4 Be6 23. e5 b5 24. Bf1 Nb6 25. Bd3 Kf7 26. Kg2 g6 27. f4 Kg7 28. Rf1
Bf5 29. Be2 Kf7 30. Bg4 Ke6 31. Bh4 Nc4 32. Rf2 h5 33. Bf3 a5 34. Re2 a4 35.
Bf2 Nb6 36. Rb2 Nc4 37. Rb4 Ra7 38. Be2 Be4+ 39. Kg3 Rg8 40. h4 Kd7 41. Rd1 Nb6
42. Be3 Nc8 43. Bd3 Bxd3 44. Rxd3 1/2-1/2

[Event "12sen.WM-H Naumburg"]
[Site "Naumburg/Saale(20.10.-03.11.)"]
[Date "2002.10.28"]
[Round "6"]
[White "Malin, Klaus"]
[Black "Jaki, Ingo"]
[Result "0-1"]
[WhiteElo "1612"]
[BlackElo "2073"]
[PlyCount "88"]
[EventDate "2002.11.??"]

1. e4 d5 2. exd5 Qxd5 3. Nc3 Qa5 4. d4 Bf5 5. Nf3 Nf6 6. Be2 Nbd7 7. Bd2 c6 8.
h3 Qc7 9. a3 e6 10. Be3 Nb6 11. Nh4 Nbd5 12. Nxd5 Nxd5 13. Nxf5 exf5 14. Bd2
Bd6 15. Bf3 Ne7 16. Qe2 O-O-O 17. O-O-O Bf4 18. Bxf4 Qxf4+ 19. Kb1 Rhe8 20. Qc4
Nd5 21. Rhe1 Qd6 22. Bxd5 Qxd5 23. Qxd5 cxd5 24. c3 g5 25. g3 Kd7 26. Kc2 f6
27. Kd3 b5 28. b3 a5 29. Rxe8 Rxe8 30. c4 bxc4+ 31. bxc4 dxc4+ 32. Kxc4 Re2 33.
f3 Rh2 34. h4 h5 35. hxg5 fxg5 36. Rd3 Rg2 37. Kb5 Rxg3 38. Kxa5 g4 39. a4 Rxf3
40. Rd1 g3 41. Kb4 g2 42. Rg1 Rf2 43. a5 h4 44. a6 h3 0-1